تفسير حقاني ;; Tafseer -e- Haqqani / (Record no. 78041)
[ view plain ]
| 000 -LEADER | |
|---|---|
| fixed length control field | 00598aaa a2200205 a 4500 |
| 001 - CONTROL NUMBER | |
| control field | 78041 |
| 003 - CONTROL NUMBER IDENTIFIER | |
| rucl marc code | BD-RjUL |
| 005 - DATE AND TIME OF LATEST TRANSACTION | |
| control field | 20211209083100.0 |
| 008 - FIXED-LENGTH DATA ELEMENTS--GENERAL INFORMATION | |
| fixed length control field | 210310s1988 ii ||||| |||| 00| 0 ara d |
| 035 ## - SYSTEM CONTROL NUMBER | |
| System control number | (BD-RjUL)78267 |
| 040 ## - CATALOGING SOURCE | |
| Original cataloging agency | BD-RjUL |
| Language of cataloging | eng |
| Transcribing agency | BD-RjUL |
| 041 ## - LANGUAGE CODE | |
| Language code of text/sound track or separate title | ara/urd |
| 082 ## - DEWEY DECIMAL CLASSIFICATION NUMBER | |
| Edition number | 23 |
| Classification number | 297.125 |
| Author mark and year | HAT 1988 |
| 100 1# - MAIN ENTRY--PERSONAL NAME | |
| Personal name | Haqqani, Abdul Haq |
| 9 (RLIN) | 245813 |
| 245 10 - TITLE STATEMENT | |
| Title | تفسير حقاني ;; Tafseer -e- Haqqani / |
| Statement of responsibility, etc. | عبد الحق حقاني ;; Abdul Haque Haqqni |
| 300 ## - PHYSICAL DESCRIPTION | |
| Pagination | v. ; |
| Size | 25 cm |
| 505 ## - FORMATTED CONTENTS NOTE | |
| Formatted contents note | Vol. 2.--v.4.-- |
| 650 ## - SUBJECT ADDED ENTRY--TOPICAL TERM | |
| Topical term or geographic name as entry element | Quran |
| Form subdivision | Interpretation |
| 9 (RLIN) | 245814 |
| 942 ## - ADDED ENTRY ELEMENTS (KOHA) | |
| Source of classification or shelving scheme | Dewey Decimal Classification |
| Koha item type | Books |
| Lost status | Source of classification or shelving scheme | Damaged status | Not for loan | Collection code | Permanent Location | Current Location | Shelving location | Date acquired | Source of acquisition | Cost, normal purchase price | Total Checkouts | Full call number | Date last seen | Copy number | Koha item type |
|---|---|---|---|---|---|---|---|---|---|---|---|---|---|---|---|
| Dewey Decimal Classification | Not For Loan | Non-fiction | Central Library, University of Rajshahi | Central Library, University of Rajshahi | Reading Room | 15/10/1973 | Quran Manjil , Rajshahi | 108.00 | U 297.125 HAT V-2 1988 | 10/03/2021 | C-1 | Books | |||
| Dewey Decimal Classification | Not For Loan | Non-fiction | Central Library, University of Rajshahi | Central Library, University of Rajshahi | Reading Room | 15/10/1973 | Quran Manjil , Rajshahi | 108.00 | U 297.125 HAT 1988 V-1مقدمه | 10/03/2021 | c-1 | Books | |||
| Dewey Decimal Classification | Non-fiction | Central Library, University of Rajshahi | Central Library, University of Rajshahi | Reading Room | 15/10/1973 | Quran Manjil , Rajshahi | 108.00 | U 297.125 HAT V-4 1988 | 30/11/2021 | C-1 | Books | ||||
| Dewey Decimal Classification | Not For Loan | Non-fiction | Central Library, University of Rajshahi | Central Library, University of Rajshahi | Reading Room | 15/10/1973 | Quran Manjil, Rajshahi | U 297.125 HAT V-3 1988 | 25/09/2022 | C-1 | Books |